Capital Isograms (no letter used twice) - 1 - Statistics

General Stats
  • This quiz has been taken 91 times
  • The average score is 11 of 14
Answer Stats
Hint Answer % Correct
aegilrs Algiers
96%
abcehrstu Bucharest
91%
adghimosu Mogadishu
91%
abdepstu Budapest
90%
acknory Conakry
90%
abelmnop Belmopan
88%
adenouy Yaounde
83%
aeginoprs Singapore
81%
ahkmortu Khartoum
78%
bdeginortw Bridgetown
75%
ailoprtv /2 Port Vila
74%
deihknow Windhoek
74%
acenoptw Capetown
68%
abdehnsu Dushanbe
61%
No matching quizzes found
Score Distribution
Percent of People with Each Score
Percentile by Number Answered
Your Score History
You have not taken this quiz